00928 2200313 4500001002100000005001500021035002000036007000300056020002200059040002200081082001200103084001400115090001800129090002200147100002800169245009100197250003600288300003100324650002200355850001200377504003400389264003200423336002100455337003000476338002300506999002200529008004100551990002200592INLIS00000000085945720211228092551 a0010-0521000038ta a978-623-02-1889-7 aYOPDYOGbinderda04223a355 a355 SAF p aDEP 355 SAF p aCB-D.11 2020-21300 aSafril Hidayatepenulis10aPengantar studi keamanan :bpemikiran tradisional menuju kontemporer /cSafril Hidayat aCetakan pertama: November, 2020 aviii, 128 halaman ;c20 cm 4aKeamanan nasional aYOPDYOG aBibliografi : halaman 110-12731aSleman :bDeepublish,c2020 2rdacontentateks 2rdamediaatanpa perantara 2rdacarrieravolume aCB-D.11/2020-2130210503s2020 yoi g ind d aCB-D.11/2020-2130